000
00291nam a2200145Ia 4500
100
_a
Harrington/Paul
650
_a
General
942
_c
BK
366
_f
20
245
_a
Secret of Teen Power
260
_b
Simon
082
_a
305.235
_b
HAR
546
_a
ENGLISH
_c
Computers
999
_c
19160
_d
19160